000 00817nam a2200265 i 4500
001 000037899
003 DO-SdBNP
005 20251006105546.0
007 ta
008 130308s2000 dr 000 0 spa d
040 _aDO-SdBNP
_bspa
_cBNPHU
_erda
041 _aspa
082 4 _axxx
_bxxx
_222
100 1 _aBarba Caballero, José,
_eautor
_4aut.
_964344
245 1 0 _aManual del hombre feliz /
_cJosé Barba Caballero.
250 _aTercera edición
264 1 _aSanto Domingo :
_bFundación América Una,
_c2000.
300 _a307 páginas ;
_c21 cm.
336 _atexto
_btxt
_2rdacontent
337 _asin mediación
_bn
_2rdamedia
338 _avolumen
_bnc
_2rdacarrier
500 _aIncluye datos biográficos del autor en la solapa de la cubierta
590 _aInventariado, 2025/BT
942 _2ddc
_cLBS1
999 _c37389
_d37389